| 000 | 00904nam a2200265 a 4500 | ||
|---|---|---|---|
| 008 | |||
| 020 | _a9781408509081 (paperback) | ||
| 040 |
_aNUST _cNUST |
||
| 049 | _aMAIN | ||
| 090 |
_aHB171.5 _bCAR |
||
| 100 | 1 | _aCaribbean Examinations Council. | |
| 245 | 1 | 0 |
_aCAPE economics for self-study and distance learning : _bunit 2 CXC/ _c Caribbean Examinations Council. |
| 260 |
_aCheltenham, U.K : _bCaribbean Examinations Council/Nelson Thornes, _c2012. |
||
| 300 |
_a184 pages : _billustrations ; _c27 cm. |
||
| 336 |
_atext _btxt _2rdacontent |
||
| 337 |
_aunmediated _bn _2rdamedia |
||
| 338 |
_avolume _bnc _2rdacarrier |
||
| 504 | _aIncludes bibliographical references. | ||
| 650 | 1 |
_aEconomics _xExaminations. |
|
| 650 | _aEconomics. | ||
| 907 |
_a.b10405562 _b17-06-21 _c17-06-21 |
||
| 003 | |||
| 005 | 20230123141205.0 | ||
| 942 |
_cBOOKS _kHB171.5 _mCAR |
||
| 999 |
_c169238 _d169238 |
||